Statistics for Top 10 Italy National Football Team Goalscorers

Click here to take the quiz!

General Stats

  • This quiz has been taken 52 times
  • The average score is 5 of 10

Answer Stats

RankPlayerGoalsCapsAvarageCareer% Correct
5Alessandro Del Piero27910.301995–2008
88%
4Roberto Baggio27560.481988–2004
83%
7Filippo Inzaghi25570.441997–2007
73%
9Christian Vieri23490.471997–2005
65%
2Giuseppe Meazza33530.621930–1939
58%
1Gigi Riva35420.831965–1974
56%
3Silvio Piola30340.881935–1952
38%
8Alessandro Altobelli25610.411980–1988
25%
10Francesco Graziani23640.361975–1983
13%
6Adolfo Baloncieri25470.531920–1930
10%

Score Distribution

Percentile by Number Answered

Percent of People with Each Score

Your Score History

You have not taken this quiz